Camí del Torrent d'en Puig al Corral /
MARC
| LEADER | 00000nam a2200000 a 4500 | ||
|---|---|---|---|
| 001 | 25410 | ||
| 003 | Arxiu | ||
| 005 | 20260324181106.0 | ||
| 008 | 220509s2021 spc||||| ||||s00| 0 cat c | ||
| 017 | |a DL B 2889-2021 | ||
| 040 | |a AGDB | ||
| 080 | |a FU-68-61 | ||
| 110 | 2 | |9 10204 |a Parc del Montnegre i el Corredor (Catalunya) | |
| 245 | 1 | 0 | |a Camí del Torrent d'en Puig al Corral / |c Parc del Montnegre i el Corredor ; textos: Gaspar Casals |
| 260 | |a Barcelona : |b Diputació de Barcelona. Xarxa de Parcs Naturals, |c 2021 | ||
| 300 | |a 1 fulletó desplegable : |b il·lustracions ; |c 42 x 30 cm | ||
| 490 | 1 | |a Itineraris senyalitzats ; |v SL-C 76 | |
| 610 | 0 | |a Parc del Montnegre i el Corredor (Catalunya) |v Guies |9 52679 | |
| 610 | 1 | 0 | |a Parc del Montnegre i el Corredor (Catalunya) |9 10204 |
| 651 | 0 | |a Montnegre (Catalunya : Massís) |9 51015 | |
| 651 | 0 | |a Arenys de Munt |9 50801 | |
| 700 | |9 52847 |a Casals, Gaspar |e autor | ||
| 710 | 1 | |a Barcelona (Catalunya : Província). |b Xarxa de Parcs Naturals |9 7250 | |
| 830 | 0 | |a Itineraris senyalitzats |v SL-C 76 |9 55975 | |
| 942 | |2 udc |n 1 |c ARXIU | ||
| 952 | |0 0 |1 0 |4 0 |6 FU6861 |7 1 |9 61549 |a Arxiu |b Arxiu |d 2022-05-09 |l 0 |o FU-68-61 |p 25410 |r 2022-05-09 00:00:00 |w 2022-05-09 |y ARXIU | ||
| 999 | |c 81497 |d 81497 | ||